000 00669nam a2200217 a 4500
001 000013586
005 20200929163258.0
008 091125s1990 cu 001 j spa d
040 _aDO-SdBNP
_bspa
_cBNPHU
082 _aCu863.44
_bL732a
100 1 _aLima, Chely,
_d1957-
_923034
245 1 4 _aLos asesinos las prefieren rubias /
_cChely Lima, Alberto Serret.
260 _aLa Habana :
_bLetras Cubanas,
_c1990.
300 _a175, [2] p. ;
_c19 cm.
490 1 _aPoliciaco
_v80
650 4 _aNovela cubana
_92316
650 4 _aLiteratura cubana
_ySIGLO XX
_99186
700 1 _aSerret, Alberto,
_d1947-2000
_930987
830 0 _aPoliciaco ;
_v80
_930988
049 _aBNGR
999 _c13205
_d13205